Análisis de vulnerabilidad a la contaminación de una sección de los acuíferos del Valle Central de Costa Rica

Guardat en:
Dades bibliogràfiques
Autor principal: Aguero Valverde, Jonathan
Format: Llibre
Publicat: San José, C.R. 2000
Matèries:
Etiquetes: Afegir etiqueta
Sense etiquetes, Sigues el primer a etiquetar aquest registre!

MARC

LEADER 00000nam a2200000Ia 4500
003 008428
005 20221231144211.0
008 140114s2000 cr a m 000 ||s d
040 |c cru CEDI 
090 |a TFG 4091 
100 |a Aguero Valverde, Jonathan  |9 8327 
245 |a Análisis de vulnerabilidad a la contaminación de una sección de los acuíferos del Valle Central de Costa Rica 
260 |c 2000  |a  San José, C.R. 
300 |a  vii, 131 hojas : ilustraciones, mapas plegables  
500 |a  Tesis (licenciatura en ingeniería civil)--Universidad de Costa Rica. Facultad de Ingeniería. Escuela de Ingeniería Civil 
650 |x ACUIFEROS   |x  VALLE CENTRAL (COSTA RICA)   |x SISTEMAS DE INFORMACION GEOGRAFICA   |x CONTAMINACION DEL AGUA  |9 8328 
942 |c TFG 
999 |c 18342  |d 18342